| 000 | 00791nam a22002651 4500 | ||
|---|---|---|---|
| 001 | 6515 | ||
| 003 | BD-RjUL | ||
| 005 | 20211208234246.0 | ||
| 008 | 140111s1965 nyua b 000 0 eng d | ||
| 035 | _a(BD-RjUL)6556 | ||
| 040 |
_aDLC/ICU _cICU _dDLC _d(BD-RjUL) _beng |
||
| 041 | _aeng | ||
| 082 | 0 | 0 |
_a517 _bMAB |
| 100 | 1 |
_aMackie, A. G. _q(Andrew George) _920510 |
|
| 245 | 0 | 0 |
_aBoundary value problems / _c[by] A.G. Mackie. |
| 260 |
_aNew York : _bHafner Pub. Co. _c[1965] |
||
| 300 |
_axiii, 252 p. : _billus. ; _c24 cm. |
||
| 504 | _aBibliography: p. 248-249. | ||
| 650 | 0 |
_aBoundary value problems. _919752 |
|
| 650 | 0 |
_aMathematical physics. _91138 |
|
| 942 |
_2ddc _cBK |
||
| 999 |
_c6515 _d6515 |
||